Quizzes
Events
Quiz Creation
Community
Videos
Private Events
Remove Ads
Sign In
Join for FREE
Feedback
Dark Mode
Quiz Categories
Sports
Geography
Music
Movies
Television
Just For Fun
Miscellaneous
History
Literature
Language
Science
Gaming
Entertainment
Religion
Holiday
For Kids
Quiz Lab
Recent
Popular Today
Quiz Kudos Today
Editor Picks
Curator Picks
Quizzes by...
Day
Popularity
Type
Ratings
Length
Year
Community
Subscriptions
Recent Discussions
Orange Saloon
Badges
Playlists
Quests
Create
Leaderboards
Showdown
Live 5
Trivia Bingo
Activity
Puzzle Library
Sporcle Events
Private Events
Virtual Trivia
Globe League
Become a Host
Pub Owners
SporcleCon
Opinionation
Our Games
Videos
Blog
Mobile Apps
Partnerships
Remove Ads and Go Orange
Feedback
Music
Pop Music
The Beatles
Song
Album
Lyrics
Bands
Singers
Artist
Clip
Rock
Rap
Classical
Billboard
Country Music
Kpop
Taylor Swift
Music
Pop Music
The Beatles
Song
Album
Lyrics
Bands
Singers
Artist
Clip
Rock
Rap
Classical
Billboard
Country Music
Kpop
Taylor Swift
Random Quiz
Search Sporcle
×
Quiz Lab
Quiz Lab
Music
Artist
Type answers based on single images at one time
Type answers based on single images at one time
Slideshow
Best Score? Go Orange.
Album Covers Slideshow Stats
Can you name the album covers?
By
MaxxS
5m
25 Questions
383 Plays
383 Plays
383 Plays
Comments
Comments
Give Quiz Kudos
Give Quiz Kudos
-
- Ratings
hide this ad
More Info
Replay
Link that replays current quiz
Next Quiz
Link to next quiz in quiz playlist
You Got
0%
They Got
Avg Score
58%
Avg Friend Score
Upgrade to see
Score Distribution
Jump to the score distribution portion of the page
Score
0/25
Timer
05:00
0
Plays Today
% Correct
The Beatles - Help!
90.1%
Nirvana - Nevermind
89%
The Clash - London Calling
85.1%
U2 - Joshua Tree
81.5%
Guns 'n' Roses - Appetite for Destruction
79.9%
The Velvet Underground - The Velvet Underground and Nico
75.7%
Weezer - Weezer
72.8%
Bob Dylan - Blonde on Blonde
72.3%
Led Zeppelin - IV
71.3%
N.W.A. - Straight Outta Compton
63.7%
David Bowie - Aladdin Sane
58.5%
Dr. Dre - The Chronic
56.4%
King Crimson - In the Court of the Crimson King
55.1%
% Correct
Joni Mitchell - Blue
50.1%
Beastie Boys - Paul's Boutique
49.9%
Carole King - Tapestry
48.3%
The Strokes - Is This It
48.3%
Talking Heads - Remain in Light
44.6%
Outkast - Stankonia
44.4%
Neutral Milk Hotel - In the Aeroplane over the Sea
44.1%
The Flaming Lips - Yoshimi Battles the Pink Robots
41.8%
Captain Beefheart and His Magic Band - Trout Mask Replica
40.5%
My Bloody Valentine - Loveless
37.1%
Lil Wayne - Tha Carter III
37.1%
Godspeed You! Black Emperor! - Lift Yr. Skinny Fists Like Antennas to Heaven!
23.2%
Quiz Playlist
Details
Report
Send in Message
Add To Playlist
More Info:
There are five albums per decade, starting in the 60s and ending in the 2000s. The artist and album titles have blanked or blurred out.
Slideshow:
Type answers based on single images at one time
Last Updated: Feb 20, 2018
Quiz Scoreboard
CHALLENGE
Sign Up to Join the Scoreboard
Show All
Scores
Hide
Comments
May contain spoilers
Recently Published
An Introduction to Baseball
by treessimontrees
Sports
5m
Movies - When Are They Set?
by FPL_Elf
Movies
5m
Popular People in 1961
by mucciniale
History
6m
More to Explore
Quiz From the Vault
Featured Blog Post
Where Did the Easter Bunny Come From?
hide this ad
You Might Also Like...
Tags
Album Quiz
Artist Quiz
Bands Quiz
Album Cover
Image Quiz
Slideshow
Today's Top Quizzes in Music
Browse Music
hide this ad
Today's Top Quizzes in Artist
Browse Artist
Top Contributed Quizzes in Music
1
Taylor Swift All Songs (2024)
2
2010s Album by Cover III
3
Guess the Artist- 70s Songs
4
One Thing in Common: Music
5
Taylor Swift Logic Puzzle
6
Guess the Taylor Swift song (Mystery Song)
7
2010s Album by Cover IV
8
2010s Album by Cover V
9
KPOP LOGIC QUIZ
10
Kpop Logic Quiz
Explore More
Trending Topics
Marvel
Crossword
Kpop
Disney
Anime
Harry Potter
NBA
Pokémon
Country
WWE
Song
Soccer
Puzzle
NFL
The Office
hide this ad
More By:
MaxxS
Quiz
Plays
Rating
Category
Featured
Created
Guess the Genre by Albums
757
4.78
Music
Sep 29, 2013
Beatles Songs With Sound Effects
81
Music
Dec 17, 2018
Go to Creator's Profile
Score Distribution
Quiz Creator Spotlight
MaxxS
Follow
Send a Message
Quizzes Created
-
Created Quiz Play Count
-
More By This Creator
Popular Quizzes Today
1
Find the Countries of Europe - No Outlines Minefield
2
Find the US States - No Outlines Minefield
3
The Countries of the World
4
Popular People in 1961
5
US States
6
1-10 Letter E Words III
7
Find the US States
8
Risky Map Clicking: Biggest States A-Z
More Music Quizzes
Iconic Kpop Songs by English Lyrics
Quiz Lab
Trending Quizzes
Risky Map Clicking: Least Populous States A-Z
1-10 Letter F Words
1-10 Letter G Words
One Thing in Common: United Kingdom
Risky Map Clicking: Next State Alphabetically
Recently Updated
Leaping Animals
pecheneg
Reality TV Shows (A-Z)
bhenderson79
Rickey Henderson's Hall of Fame Teammates
pecheneg
Champions League XIs: Arsenal
pecheneg
Quick Pick: Celebrities in WWE's Hall of Fame
aduchscher
A-Z Keypad Blitz II
pecheneg
Multiple Oscar Actors
pecheneg
Mystery Phrase Blitz: Oscar 'Best Actors'
pecheneg
F. Scott Fitzgerald Novels
LTH
Pick 3 Villains
ddd62291
Trending Topics
Anime
Harry Potter
Marvel
NBA
Kpop
Crossword
Disney
WWE
Song
Country
The Office
NFL
Pokémon
Puzzle
Soccer
Your Account Isn't Verified!
In order to create a playlist on Sporcle, you need to verify the email address you used during registration. Go to your
Sporcle Settings
to finish the process.
Report this User
Report this user for behavior that violates our
Community Guidelines
.
Details:
Send Report
Go to the Sporcle.com Mobile Site →
Comments